| 000 | 00493nam a2200193Ia 4500 | ||
|---|---|---|---|
| 005 | 20250923145929.0 | ||
| 008 | 008 250917s9999 xx 000 0 eng d | ||
| 037 | _aTextual | ||
| 040 |
_aDSWL _beng _cDSWL |
||
| 041 |
_aeng _2eng |
||
| 084 |
_aY, N95 _qDSWL |
||
| 100 |
_aDavis, K. _9840420 |
||
| 245 | 0 |
_aHuman Society _c by K. Davis |
|
| 260 |
_aDelhi _b Surjeet _c1995 |
||
| 365 |
_aINR _b150.00 |
||
| 925 | _g150.00 | ||
| 942 |
_cTEXL _hY, N95 |
||
| 999 |
_c1457492 _d1457492 |
||